Normal view MARC view
  • Alessi, Jeremy

Entry Personal Name

Number of records used in: 1

001 - CONTROL NUMBER

  • control field: 68715

003 - CONTROL NUMBER IDENTIFIER

  • control field: NUST

005 - DATE AND TIME OF LATEST TRANSACTION

  • control field: 20210628204108.0

008 - FIXED-LENGTH DATA ELEMENTS

  • fixed length control field: 210628|| aca||aabn | a|a d

040 ## - CATALOGING SOURCE

  • Original cataloging agency: NUST
  • Transcribing agency: NUST

100 ## - HEADING--PERSONAL NAME

  • Personal name: Alessi, Jeremy

670 ## - SOURCE DATA FOUND

  • Source citation: Work cat.: (NUST): Alessi, Jeremy, Iphone 3d game programming , all in one, 2011
© 2023 Central Library, National University of Sciences and Technology. All Rights Reserved.